| 000 | 00704cam a22002172 4500 | ||
|---|---|---|---|
| 001 | 0000004960 | ||
| 005 | 20151217151947.0 | ||
| 008 | 070604s xx 000 0 eng d | ||
| 020 |
_a1874367760 : _cKES 250 |
||
| 040 |
_aKABU _cKABU |
||
| 050 | 0 |
_aRC889 _b.W55 |
|
| 100 | 1 |
_aWilkinson, Libby. _@0000155984 |
|
| 245 | 1 | 0 |
_a"When are you going to start a family?" : _bmy experiences of childlessness and the church. |
| 260 |
_aChichester, England : _bNew Wine Press, _c1998. |
||
| 300 | _a64 p. | ||
| 650 | 0 |
_aChildlessness. _@0000155985 |
|
| 650 | 0 |
_aInfertility _xReligious aspects _xChristianity. _@0000155986 |
|
| 908 | _a070604 | ||
| 950 | _@1 | ||
| 999 |
_c6759 _d6759 |
||